| 000 | 00812cam a2200181 i 4500 | ||
|---|---|---|---|
| 005 | 20251223114426.0 | ||
| 008 | 250721s2006 jo gr 000 0 ara d | ||
| 082 | 1 | 4 |
_a218.32 _bق ي م |
| 100 | 1 |
_aإبن قيم الجوزية، شمس الدين بو عبد الله محمد بن ابي بكر، _d691 - 751 ه، _eمؤلف. |
|
| 245 | 1 | 2 |
_aالأذكار المنتخبة من كلام سيد الأبرار / _cتأليف الإمام شمس الدين ابن قيم الجوزية. |
| 264 | 3 | 1 |
_aعمان : _bدار البيت العتيق للنشر و التوزيع، _c2006. |
| 300 | _a267 صفحة. | ||
| 650 | 1 | 7 | _aالذكر. |
| 650 | 1 | 7 | _aالإيمان. |
| 700 | 1 |
_aالمقدسي، أبو عرام أحمد موسى عطوان _eمحقق. |
|
| 942 |
_2ddc _cBK |
||
| 999 |
_c98466 _d98466 |
||